00249nam a2200109Ia 4500008004100000041001200041082001100053100001300064245004900077260000600126650000700132221030s9999 xx 000 0 und d aEnglish a105.23 aV K Jain 0aJAVA Object Oriented Progemmingcby V K Jain c0 aMc